Tests psicológicos y evaluación /
El principal objetivo de este libro, sobre aplicación de pruebas y asesoría psicológica, es mejorar el conocimiento y la lógica de dichas pruebas entre quienes las formulan, aplican, interpretan y cuantifican.
-д хадгалсан:
| Үндсэн зохиолч: | |
|---|---|
| Формат: | Ном |
| Хэл сонгох: | англи |
| Хэвлэсэн: |
México :
Pearson,
2003, c2003
|
| Хэвлэл: | 11a edición |
| Нөхцлүүд: | |
| Шошгууд: |
Шошго байхгүй, Энэхүү баримтыг шошголох эхний хүн болох!
|
MARC
| LEADER | 00000nam^a2200000^a^4500 | ||
|---|---|---|---|
| 001 | 000195954 | ||
| 005 | 20250521000000.0 | ||
| 009 | 20260310102810.645 | ||
| 020 | |a 970-26-0431-1 | ||
| 025 | |a Donación Jania Wilson, 1 ejemplar | ||
| 037 | |a Acervo ITESO - Biblioteca | ||
| 041 | |a ING | ||
| 082 | |a 155. 28 |b AIK | ||
| 100 | |a Aiken, Lewis R. |e (autor) | ||
| 245 | 1 | 0 | |a Tests psicológicos y evaluación / |c L.R. Aiken ; tr. por María Elena Ortiz Salinas, Gabriela Montes de Oca Vega. |
| 250 | |a 11a edición | ||
| 264 | 4 | |a México : |b Pearson, |c 2003, c2003 | |
| 300 | |a XV, 528 p. | ||
| 336 | |a texto |b txt |2 rdacontenido | ||
| 337 | |a sin mediación |b n |2 rdamedio | ||
| 338 | |a volumen |b nc |2 rdasoporte | ||
| 520 | |a El principal objetivo de este libro, sobre aplicación de pruebas y asesoría psicológica, es mejorar el conocimiento y la lógica de dichas pruebas entre quienes las formulan, aplican, interpretan y cuantifican. | ||
| 649 | |a XX | ||
| 650 | |a Construcción de Pruebas (Psicometría) | ||
| 650 | |a Calificación e Interpretación de Pruebas (Psicometría) | ||
| 650 | |a Evaluación Psicológica | ||
| 650 | |a Pruebas Psicológicas - |x Tema Principal | ||
| 650 | |a Psicometría | ||
| 650 | |a Psicología Diferencial | ||
| 650 | |a Psicología | ||
| 910 | |a Fondo General | ||
| 920 | |a Impresos - Libros | ||
| 930 | |a Colección General | ||
| 905 | |a 101 | ||
| 901 | |a 0500142033 |b IT1 |c ACC |i D |u 20250521 | ||
| 902 | |a https://opac.biblio.iteso.mx/vufind/Record/000195954 | ||